| 000 | 00660cam a2200205 4500 | ||
|---|---|---|---|
| 001 | WB3546-02 | ||
| 008 | 000000n1999 000 0 eng u | ||
| 035 | _a(Sirsi) u102371 | ||
| 245 | _aChristie's rethink online auctions | ||
| 260 | _c1999 | ||
| 490 |
_aAntiques Trade Gazette _v(1414) 20 November 1999, 1(1) |
||
| 520 | _aChristie's International has shelved plans to sell online and is radically rethinking its internet policy. Website available at www.christies.com | ||
| 590 | _aWB | ||
| 650 | 0 | _aCHRISTIES | |
| 650 |
_aAuctioneering _96218 |
||
| 650 | _aINTERNET | ||
| 650 | _aINTERNET AUCTIONS | ||
| 690 |
_aAuctioneering _96218 |
||
| 942 | _n0 | ||
| 999 |
_c61392 _d61392 |
||